|
|
|
|
| LEADER |
01439nam a22002897a 4500 |
| 001 |
19202 |
| 003 |
BD-DhAAL |
| 005 |
20230622145753.0 |
| 008 |
230622t2003 ii ||||| |||| 00| 0 ben d |
| 020 |
|
|
|a 8129501821
|
| 040 |
|
|
|a BD-DhAAL
|d BD-DhAAL
|
| 041 |
|
|
|a ben
|
| 082 |
|
|
|a 954
|2 22
|
| 100 |
|
|
|a দত্তগুপ্ত, শোভনলাল.
|9 54866
|
| 245 |
|
|
|a স্বাধীন ভারতে সাম্যবাদী আন্দোলন :
|b রাজনীতি ও গতিপ্রকৃতি /
|c শোভনলাল দত্তগুপ্ত ; সম্পাদক দিব্যেন্দু হোতা
|
| 246 |
|
|
|a Swadheen bharate samyabadee andolan :
|b rajneeti o gatiprakriti /
|
| 260 |
|
|
|a কলকাতা :
|b দে'জ পাবলিশিং,
|c ২০০৩,
|
| 300 |
|
|
|a ১৩৫ পৃষ্ঠা :
|c ২২ সে.মি.
|
| 490 |
|
|
|a সমাজ বিজ্ঞান গ্রন্থমালা
|
| 650 |
|
|
|a Communism.
|
| 651 |
|
|
|a India
|x Politics and government.
|
| 651 |
|
|
|a India
|x Civilization.
|
| 700 |
|
|
|a হোতা, দিব্যেন্দু.
|9 54867
|
| 830 |
|
|
|a সমাজ বিজ্ঞান গ্রন্থমালা
|9 54868
|
| 942 |
|
|
|2 ddc
|c BK
|
| 999 |
|
|
|c 45925
|d 45925
|
| 952 |
|
|
|0 0
|1 0
|2 ddc
|4 0
|6 954_000000000000000_DAT
|7 0
|9 73860
|a BIGD
|b BIGD
|c GEN
|d 2023-06-22
|l 0
|o 954 DAT
|p 3050019202
|r 2023-06-22
|t 1
|w 2023-06-22
|y BK
|x Transferred from BDI to BIGD.
|